000
00201nam a2200085Ia 4500
008
120527s9999 xx 000 0 und d
100
_a
Solomon, C. Robert
245
_a
Introducing Philosophy
942
_c
BK
999
_c
27758
_d
27758